ՀՀ Գիտությունների ազգային ակադեմիայի հիմնարար գիտական գրադարան  =   Fundamental Scientific Library of NAS RA

Գիքորը : (Record no. 535605)

MARC details
000 -LEADER
fixed length control field 00848nam a2200205 a 4500
001 - CONTROL NUMBER
control field 000772397
003 - CONTROL NUMBER IDENTIFIER
control field AM-YEHGA
005 - DATE AND TIME OF LATEST TRANSACTION
control field 20251014162757.0
008 - FIXED-LENGTH DATA ELEMENTS--GENERAL INFORMATION
fixed length control field 101119s1970 fr r 000 0 fre d
040 ## - CATALOGING SOURCE
Original cataloging agency AM-YEHGA
041 0# - LANGUAGE CODE
Language code of text/sound track or separate title arm
100 1# - MAIN ENTRY--PERSONAL NAME
Personal name Թումանյան, Հովհաննես Թադևոսի,
Dates associated with a name 1869-1923
9 (RLIN) 1108
245 10 - TITLE STATEMENT
Title Գիքորը :
Remainder of title [Պատմվածք] /
Statement of responsibility, etc. Յովհ. Թումանեան ; Վերապատմեց՝ Ա. Ճիւմպիւշեան ; Նկ.՝ Գ. Խանջեան.
260 ## - PUBLICATION, DISTRIBUTION, ETC.
Place of publication, distribution, etc. Փարիզ :
Name of publisher, distributor, etc. Էրեբունի,
Date of publication, distribution, etc. 1970.
300 ## - PHYSICAL DESCRIPTION
Extent 32 էջ :
Other physical details նկ. ;
Dimensions 20 սմ.
650 14 - SUBJECT ADDED ENTRY--TOPICAL TERM
Topical term or geographic name entry element Հայ մանկական գրականություն
General subdivision Պատմվածք
9 (RLIN) 5413
700 1# - ADDED ENTRY--PERSONAL NAME
Personal name Խրախունի, Զարեհ,
Dates associated with a name 1926-2015
9 (RLIN) 2529
700 1# - ADDED ENTRY--PERSONAL NAME
Personal name Խանջյան, Գրիգոր Սեպուհի,
Dates associated with a name 1926-2000
Relator term նկ.
Relationship art
9 (RLIN) 1078
942 ## - ADDED ENTRY ELEMENTS (KOHA)
Source of classification or shelving scheme Universal Decimal Classification
Koha item type Գրքեր / Books
Holdings
Withdrawn status Lost status Damaged status Not for loan Collection Home library Current library Date acquired Total checkouts Full call number Barcode Date last seen Price effective from Koha item type Public note
        Zhamkochyan Individual collection Fundamental Scientific Library Fundamental Scientific Library 14/07/2025   Ժամ/920 FL0692447 14/07/2025 14/07/2025 Գրքեր / Books ILL Non-Circ


ՀՀ ԳԱԱ հիմնարար գիտական գրադարան
ՀՀ,Երևան 0019
Մարշալ Բաղրամյան 24/6
հեռախոս:(374-10) 52-47-50
Հետադարձ կապ

All site content, except where otherwise noted, is licensed under a
Creative Commons License